[Event "DVM U14 2017"]
[Site "Verden/Aller GER"]
[Date "2017.12.29"]
[Round "6"]
[White "Kotyk, Michael"]
[Black "Post, Hugo"]
[Result "0-1"]
[Termination "normal"]
[Board "2.1"]
[WhiteElo "1916"]
[BlackElo "2025"]
[WhiteClock "00:26:45"]
[BlackClock "00:06:54"]
[WhiteTeam "Hamburger SK"]
[BlackTeam "Reideburger SV 90 Halle"]
[PlyCount "74"]
[WhiteFideId "16214501"]
[BlackFideId "12962490"]
[EventCountry "GER"]
[EventRounds "7"]
[EventType "team-swiss"]
[EventDate "2017.12.26"]

1. Nf3 {[%clk 1:30:57]} Nf6 {[%clk 1:30:48]} 2. b3 {[%clk 1:31:21]} g6 {[%clk
1:29:04]} 3. Bb2 {[%clk 1:31:44]} Bg7 {[%clk 1:28:59]} 4. e3 {[%clk 1:31:39]}
O-O {[%clk 1:28:10]} 5. d4 {[%clk 1:31:30]} d5 {[%clk 1:27:29]} 6. Be2 {[%clk
1:30:11]} Nbd7 {[%clk 1:24:02]} 7. O-O {[%clk 1:30:25]} b6 {[%clk 1:22:33]} 8.
a4 {[%clk 1:30:07]} a5 {[%clk 1:14:41]} 9. Na3 {[%clk 1:28:56]} Bb7 {[%clk
1:13:31]} 10. Rc1 {[%clk 1:29:06]} e6 {[%clk 1:11:10]} 11. c4 {[%clk 1:26:55]}
c6 {[%clk 1:09:17]} 12. Rc2 {[%clk 1:04:34]} Rc8 {[%clk 1:04:09]} 13. Qa1
{[%clk 1:04:53]} Ne4 {[%clk 1:01:19]} 14. Ne1 {[%clk 1:03:35]} Bh6 {[%clk
0:53:41]} 15. Bc1 {[%clk 0:56:47]} f5 {[%clk 0:50:23]} 16. f3 {[%clk 0:56:12]}
Nef6 {[%clk 0:50:16]} 17. Nd3 {[%clk 0:55:27]} Qe8 {[%clk 0:48:24]} 18. Ne5
{[%clk 0:46:34]} Nxe5 {[%clk 0:47:28]} 19. dxe5 {[%clk 0:44:31]} Nd7 {[%clk
0:47:40]} 20. f4 {[%clk 0:44:27]} g5 {[%clk 0:41:09]} 21. Rf3 {[%clk 0:42:46]}
g4 {[%clk 0:34:18]} 22. Rg3 {[%clk 0:42:04]} Nc5 {[%clk 0:34:01]} 23. cxd5
{[%clk 0:41:15]} cxd5 {[%clk 0:22:42]} 24. Nb5 {[%clk 0:40:52]} Ne4 {[%clk
0:21:57]} 25. Rxc8 {[%clk 0:41:05]} Qxc8 {[%clk 0:22:18]} 26. Nd6 {[%clk
0:41:30]} Qc2 {[%clk 0:21:26]} 27. Nxe4 {[%clk 0:41:24]} dxe4 {[%clk 0:20:53]}
28. Qb2 {[%clk 0:35:03]} Rc8 {[%clk 0:21:03]} 29. Bc4 {[%clk 0:35:23]} Qd1+
{[%clk 0:19:06]} 30. Kf2 {[%clk 0:35:47]} Bd5 {[%clk 0:18:38]} 31. Bd2 {[%clk
0:27:22]} Bxc4 {[%clk 0:17:45]} 32. bxc4 {[%clk 0:27:49]} Rxc4 {[%clk 0:17:39]}
33. Bc3 {[%clk 0:28:17]} Rc6 {[%clk 0:06:56]} 34. h3 {[%clk 0:26:07]} Bf8
{[%clk 0:05:55]} 35. hxg4 {[%clk 0:26:01]} fxg4 {[%clk 0:06:17]} 36. Qd2 {[%clk
0:26:20]} Qxd2+ {[%clk 0:06:26]} 37. Bxd2 {[%clk 0:26:45]} h5 {[%clk 0:06:54]}
0-1

[Event "DVM U14 2017"]
[Site "Verden/Aller GER"]
[Date "2017.12.29"]
[Round "6"]
[White "Dietz, Florian"]
[Black "Goltser, Ilja"]
[Result "1-0"]
[Termination "normal"]
[Board "2.2"]
[WhiteElo "1997"]
[BlackElo "1698"]
[WhiteClock "00:00:57"]
[BlackClock "00:11:42"]
[WhiteTeam "Reideburger SV 90 Halle"]
[BlackTeam "Hamburger SK"]
[PlyCount "71"]
[WhiteFideId "12939897"]
[BlackFideId "14174782"]
[EventCountry "GER"]
[EventRounds "7"]
[EventType "team-swiss"]
[EventDate "2017.12.26"]

1. e4 {[%clk 1:30:58]} c5 {[%clk 1:30:56]} 2. Nf3 {[%clk 1:31:11]} a6 {[%clk
1:31:21]} 3. Nc3 {[%clk 1:29:54]} Nc6 {[%clk 1:29:20]} 4. d4 {[%clk 1:21:39]}
cxd4 {[%clk 1:29:44]} 5. Nxd4 {[%clk 1:22:06]} e5 6. Nb3 {[%clk 1:18:30]} Bb4
{[%clk 1:23:23]} 7. Bd2 {[%clk 1:17:57]} Nf6 {[%clk 1:21:20]} 8. Bd3 {[%clk
1:18:08]} d6 {[%clk 1:19:29]} 9. a3 {[%clk 1:14:06]} Bxc3 {[%clk 1:18:11]} 10.
Bxc3 {[%clk 1:14:31]} Be6 {[%clk 1:16:21]} 11. Qe2 {[%clk 1:09:26]} Qc7 {[%clk
1:14:14]} 12. O-O {[%clk 1:01:29]} Rd8 {[%clk 1:08:59]} 13. Rfe1 {[%clk
0:54:59]} O-O {[%clk 1:07:00]} 14. Nd2 {[%clk 0:53:51]} Nd7 {[%clk 1:01:44]}
15. Qh5 {[%clk 0:47:58]} Nc5 {[%clk 0:46:28]} 16. a4 {[%clk 0:29:05]} Nxd3
{[%clk 0:39:35]} 17. cxd3 {[%clk 0:29:29]} a5 {[%clk 0:39:41]} 18. Nf3 {[%clk
0:28:21]} h6 {[%clk 0:38:04]} 19. d4 {[%clk 0:24:36]} exd4 {[%clk 0:31:38]} 20.
Nxd4 {[%clk 0:22:15]} Nxd4 {[%clk 0:31:46]} 21. Bxd4 {[%clk 0:22:36]} d5 {[%clk
0:31:13]} 22. Bc3 {[%clk 0:07:53]} b6 {[%clk 0:29:23]} 23. Rac1 {[%clk
0:07:15]} Qb7 {[%clk 0:26:35]} 24. Qe5 {[%clk 0:06:45]} d4 {[%clk 0:22:41]} 25.
Bxd4 {[%clk 0:07:09]} Rxd4 {[%clk 0:23:10]} 26. Qxd4 {[%clk 0:07:32]} b5 {[%clk
0:22:47]} 27. axb5 {[%clk 0:06:54]} Qxb5 {[%clk 0:23:07]} 28. Rc5 {[%clk
0:06:18]} Qb6 {[%clk 0:20:54]} 29. Qc3 {[%clk 0:05:15]} a4 {[%clk 0:20:28]} 30.
h3 {[%clk 0:04:35]} Rd8 {[%clk 0:18:35]} 31. Ra5 {[%clk 0:01:42]} Rc8 {[%clk
0:18:05]} 32. Qe5 {[%clk 0:00:54]} Rc2 {[%clk 0:16:42]} 33. Re3 {[%clk
0:00:39]} Rxb2 {[%clk 0:15:40]} 34. Rxa4 {[%clk 0:00:43]} Rd2 {[%clk 0:14:34]}
35. Rg3 {[%clk 0:00:41]} f6 {[%clk 0:11:42]} 36. Qxf6 {[%clk 0:00:57]} 1-0

[Event "DVM U14 2017"]
[Site "Verden/Aller GER"]
[Date "2017.12.29"]
[Round "6"]
[White "Grabbel, Lennart Christian"]
[Black "Henning, Marvin"]
[Result "1/2-1/2"]
[Termination "normal"]
[Board "2.3"]
[WhiteElo "1674"]
[BlackElo "2004"]
[WhiteClock "00:15:12"]
[BlackClock "00:14:57"]
[WhiteTeam "Hamburger SK"]
[BlackTeam "Reideburger SV 90 Halle"]
[PlyCount "54"]
[WhiteFideId "16201620"]
[BlackFideId "12957399"]
[EventCountry "GER"]
[EventRounds "7"]
[EventType "team-swiss"]
[EventDate "2017.12.26"]

1. Nf3 {[%clk 1:30:58]} d5 {[%clk 1:30:32]} 2. d4 {[%clk 1:31:23]} Nf6 {[%clk
1:30:06]} 3. c4 {[%clk 1:31:45]} c6 {[%clk 1:29:39]} 4. cxd5 {[%clk 1:32:08]}
cxd5 {[%clk 1:29:55]} 5. Nc3 {[%clk 1:32:31]} Nc6 {[%clk 1:27:57]} 6. Bf4
{[%clk 1:32:55]} e6 {[%clk 1:19:51]} 7. e3 {[%clk 1:27:05]} Bb4 {[%clk
1:16:18]} 8. Bd3 {[%clk 1:20:19]} O-O {[%clk 1:14:10]} 9. O-O {[%clk 1:19:44]}
h6 {[%clk 1:05:09]} 10. Qc2 {[%clk 1:13:19]} Ne8 {[%clk 1:00:25]} 11. Ne5
{[%clk 1:06:58]} Bd7 {[%clk 0:57:15]} 12. a3 {[%clk 1:00:38]} Be7 {[%clk
0:54:25]} 13. Rfc1 {[%clk 0:56:55]} Rc8 {[%clk 0:52:26]} 14. Qe2 {[%clk
0:55:11]} f5 {[%clk 0:46:17]} 15. Nxc6 {[%clk 0:44:51]} Bxc6 {[%clk 0:46:32]}
16. Bg3 {[%clk 0:45:17]} Bd6 {[%clk 0:41:58]} 17. Bxd6 {[%clk 0:44:28]} Nxd6
{[%clk 0:42:06]} 18. f4 {[%clk 0:43:45]} a6 {[%clk 0:41:36]} 19. b4 {[%clk
0:37:15]} b5 {[%clk 0:40:15]} 20. Nb1 {[%clk 0:32:30]} Nc4 {[%clk 0:39:00]} 21.
Nd2 {[%clk 0:32:49]} Rf6 {[%clk 0:36:51]} 22. Nb3 {[%clk 0:31:27]} Be8 {[%clk
0:33:28]} 23. Nc5 {[%clk 0:29:20]} Ra8 {[%clk 0:29:52]} 24. Kf2 {[%clk
0:25:29]} Rg6 {[%clk 0:27:28]} 25. Qf3 {[%clk 0:20:14]} Qh4+ {[%clk 0:24:11]}
26. Kg1 {[%clk 0:20:37]} Qd8 {[%clk 0:16:47]} 27. Qf2 {[%clk 0:15:12]} Ra7
{[%clk 0:14:57]} 1/2-1/2

[Event "DVM U14 2017"]
[Site "Verden/Aller GER"]
[Date "2017.12.29"]
[Round "6"]
[White "Hundrieser, Malte"]
[Black "Klaas, Heiko"]
[Result "1-0"]
[Termination "normal"]
[Board "2.4"]
[WhiteElo "2005"]
[BlackElo "1618"]
[WhiteClock "00:56:34"]
[BlackClock "00:33:37"]
[WhiteTeam "Reideburger SV 90 Halle"]
[BlackTeam "Hamburger SK"]
[PlyCount "75"]
[WhiteFideId "12997153"]
[BlackFideId "16215940"]
[EventCountry "GER"]
[EventRounds "7"]
[EventType "team-swiss"]
[EventDate "2017.12.26"]

1. e4 {[%clk 1:30:58]} e5 {[%clk 1:30:45]} 2. Nf3 {[%clk 1:31:24]} Nc6 {[%clk
1:31:09]} 3. d4 {[%clk 1:31:50]} exd4 {[%clk 1:31:33]} 4. Nxd4 {[%clk 1:32:12]}
Bc5 {[%clk 1:31:46]} 5. Nb3 {[%clk 1:32:37]} Bb6 {[%clk 1:32:08]} 6. Nc3 {[%clk
1:33:00]} Nf6 {[%clk 1:32:30]} 7. Qe2 {[%clk 1:33:14]} d6 {[%clk 1:30:57]} 8.
Be3 {[%clk 1:33:35]} Be6 {[%clk 1:27:15]} 9. O-O-O {[%clk 1:33:53]} Qe7 {[%clk
1:25:23]} 10. Bxb6 {[%clk 1:29:02]} axb6 {[%clk 1:25:10]} 11. Kb1 {[%clk
1:28:57]} O-O-O {[%clk 1:20:34]} 12. g3 {[%clk 1:28:22]} Nd7 {[%clk 1:18:47]}
13. f4 {[%clk 1:26:53]} f5 {[%clk 1:17:43]} 14. Bg2 {[%clk 1:24:29]} fxe4
{[%clk 1:08:45]} 15. Bxe4 {[%clk 1:23:16]} Kb8 {[%clk 1:06:47]} 16. Bxc6 {[%clk
1:21:51]} bxc6 {[%clk 1:06:57]} 17. f5 {[%clk 1:22:14]} Ne5 {[%clk 1:03:35]}
18. fxe6 {[%clk 1:21:35]} Qxe6 {[%clk 1:03:26]} 19. Qg2 {[%clk 1:20:35]} Qg6
{[%clk 0:58:55]} 20. Nd4 {[%clk 1:19:20]} d5 {[%clk 0:58:54]} 21. Rhe1 {[%clk
1:18:54]} Rde8 {[%clk 0:58:57]} 22. Re2 {[%clk 1:15:51]} Nc4 {[%clk 0:56:31]}
23. Rde1 {[%clk 1:15:14]} Rxe2 {[%clk 0:50:13]} 24. Qxe2 {[%clk 1:15:18]} Qf6
{[%clk 0:48:48]} 25. Qd3 {[%clk 1:10:44]} Kb7 {[%clk 0:46:10]} 26. b3 {[%clk
1:09:55]} Nd6 {[%clk 0:43:27]} 27. Re6 {[%clk 1:04:08]} Qf2 {[%clk 0:42:21]}
28. Re7 {[%clk 0:59:55]} Qxh2 {[%clk 0:38:57]} 29. Rxg7 {[%clk 0:56:39]} h5
{[%clk 0:38:11]} 30. Kb2 {[%clk 0:56:25]} Qg2 {[%clk 0:35:55]} 31. Qg6 {[%clk
0:56:05]} Rd8 {[%clk 0:33:57]} 32. Rxc7+ {[%clk 0:55:13]} Kxc7 {[%clk 0:32:50]}
33. Ne6+ {[%clk 0:55:34]} Kd7 {[%clk 0:33:03]} 34. Nxd8 {[%clk 0:55:54]} h4
{[%clk 0:32:55]} 35. Qe6+ {[%clk 0:55:29]} Kxd8 {[%clk 0:32:53]} 36. Qxd6+
{[%clk 0:55:54]} Ke8 {[%clk 0:33:12]} 37. Qxc6+ {[%clk 0:56:18]} Kf7 {[%clk
0:33:37]} 38. gxh4 {[%clk 0:56:34]} 1-0

[Event "DVM U14 2017"]
[Site "Verden/Aller GER"]
[Date "2017.12.29"]
[Round "6"]
[White "Sulayev, Daniel"]
[Black "Stirnberg, Noah"]
[Result "1-0"]
[Termination "normal"]
[Board "3.1"]
[WhiteElo "2058"]
[BlackElo "1836"]
[WhiteTeam "SV Empor Berlin"]
[BlackTeam "SK Blauer Springer Paderborn"]
[PlyCount "59"]
[WhiteFideId "12977675"]
[BlackFideId "16207742"]
[EventCountry "GER"]
[EventRounds "7"]
[EventType "team-swiss"]
[EventDate "2017.12.26"]

1. e4 c5 2. Nf3 d6 3. d4 cxd4 4. Qxd4 Nc6 5. Bb5 Bd7 6. Bxc6 Bxc6 7. Nc3 Nf6 8.
Bg5 e5 9. Qd3 h6 10. Bh4 g5 11. Bg3 Nh5 12. O-O-O a6 13. Nd2 b5 14. Nf1 Nf4 15.
Bxf4 gxf4 16. g3 Qg5 17. Kb1 f5 18. f3 O-O-O 19. a4 fxe4 20. fxe4 Qg4 21. gxf4
exf4 22. axb5 axb5 23. Nd2 Qd7 24. Nxb5 Bxb5 25. Qc3+ Kb7 26. Qxh8 Bg7 27. Qh7
Rc8 28. Nb3 Qc7 29. Rd2 Ba4 30. Rg1 {Aufgabe Schwarz} 1-0

[Event "DVM U14 2017"]
[Site "Verden/Aller GER"]
[Date "2017.12.29"]
[Round "6"]
[White "Brockhoff, Moritz"]
[Black "Breitzmann, Sander"]
[Result "0-1"]
[Termination "normal"]
[Board "3.2"]
[WhiteElo "1765"]
[BlackElo "1778"]
[WhiteTeam "SK Blauer Springer Paderborn"]
[BlackTeam "SV Empor Berlin"]
[PlyCount "54"]
[WhiteFideId "16214927"]
[BlackFideId "12987085"]
[EventCountry "GER"]
[EventRounds "7"]
[EventType "team-swiss"]
[EventDate "2017.12.26"]

1. e4 e5 2. f4 exf4 3. Nf3 h6 4. Bc4 d6 5. O-O Nc6 6. d4 g5 7. Nc3 Bg7 8. Nd5
Bg4 9. c3 Nf6 10. Re1 Qd7 11. Qb3 Na5 12. Nxf6+ Bxf6 13. Bxf7+ Qxf7 14. Qb5+
Nc6 15. Qxb7 Kd7 16. d5 Ne5 17. Qb5+ Ke7 18. Nd4 f3 19. Rf1 fxg2 20. Kxg2 Qh5
21. Nc6+ Nxc6 22. Qxc6 Bh3+ 23. Kh1 Bxf1 24. Qxc7+ Kf8 25. Qxd6+ Be7 26. Qa3
Be2 27. Kg1 Qf3 {Aufgabe Weiß} 0-1

[Event "DVM U14 2017"]
[Site "Verden/Aller GER"]
[Date "2017.12.29"]
[Round "6"]
[White "Heckmann, Till"]
[Black "Janke, Julian"]
[Result "0-1"]
[Termination "normal"]
[Board "3.3"]
[WhiteElo "1719"]
[BlackElo "1587"]
[WhiteTeam "SV Empor Berlin"]
[BlackTeam "SK Blauer Springer Paderborn"]
[PlyCount "101"]
[WhiteFideId "12987093"]
[BlackFideId "16229185"]
[EventCountry "GER"]
[EventRounds "7"]
[EventType "team-swiss"]
[EventDate "2017.12.26"]

1. e4 d5 2. exd5 Qxd5 3. Nc3 Qd8 4. Bc4 Nf6 5. d3 e6 6. Nge2 Be7 7. Bf4 a6 8.
O-O b5 9. Bb3 Bb7 10. Ng3 c5 11. a4 b4 12. Nb1 O-O 13. Be3 Nc6 14. Nd2 Nd4 15.
Bc4 Nd5 16. Bxd4 cxd4 17. Qg4 Nb6 18. Bb3 a5 19. Nf3 Bd5 20. Bxd5 Qxd5 21. Qxd4
Qxd4 22. Nxd4 Bf6 23. Nge2 Rfd8 24. c3 bxc3 25. bxc3 e5 26. Nb5 Rxd3 27. Ng3
Rc8 28. Ne4 Rc4 29. Rfe1 Rxa4 30. Rab1 Be7 31. Nbd6 Bxd6 32. Nxd6 Rxd6 33. Rxe5
f6 34. Ree1 Rc4 35. Rb5 a4 36. Reb1 Rxc3 37. g3 Nc4 38. Rb8+ Kf7 39. Ra8 a3 40.
Kg2 Nd2 41. Ra7+ Ke6 42. Re1+ Kd5 43. Rd1 Kc4 44. Rxg7 a2 45. Rxh7 Ra3 46. Rc7+
Kd3 47. Ra1 Rb6 48. Re7 Kc2 49. Rc7+ Kb2 50. Rcc1 Nb1 51. Rc3 {Aufgabe Weiß}
0-1

[Event "DVM U14 2017"]
[Site "Verden/Aller GER"]
[Date "2017.12.29"]
[Round "6"]
[White "Matthiessen, Linus"]
[Black "Beer, Ludwig"]
[Result "1/2-1/2"]
[Termination "normal"]
[Board "3.4"]
[WhiteElo "1293"]
[BlackElo "1431"]
[WhiteTeam "SK Blauer Springer Paderborn"]
[BlackTeam "SV Empor Berlin"]
[PlyCount "114"]
[WhiteFideId "16222555"]
[BlackFideId "16202813"]
[EventCountry "GER"]
[EventRounds "7"]
[EventType "team-swiss"]
[EventDate "2017.12.26"]

1. d4 d5 2. Bf4 Nf6 3. Nf3 c5 4. c3 Nc6 5. e3 Qb6 6. Qc2 Bf5 7. Qd2 h6 8. dxc5
Qxc5 9. Bd3 Bh7 10. Nd4 e6 11. Nb5 e5 12. Bg3 Rc8 13. N5a3 a6 14. Qc2 b5 15.
Bxh7 Nxh7 16. Qf5 Ne7 17. Qxe5 f6 18. Qd4 Nf5 19. Qxc5 Bxc5 20. Nc2 b4 21. O-O
bxc3 22. Nxc3 Nxg3 23. hxg3 Bd6 24. Rfd1 O-O 25. Rxd5 Be5 26. Rd3 Rb8 27. f4
Rxb2 28. fxe5 Rxc2 29. exf6 Nxf6 30. Rf1 Rc8 31. Nd5 Nxd5 32. Rxd5 Rxa2 33. Rf2
Ra1+ 34. Kh2 Re1 35. Re5 Ra8 36. Ra2 Rd1 37. Kh3 Rf1 38. Kh4 Kf7 39. e4 Rh8 40.
Rf5+ Rxf5 41. exf5 Ra8 42. Kh5 Kf6 43. g4 a5 44. Ra4 Ra6 45. Kh4 Ke5 46. Kh5
Kd5 47. g5 hxg5 48. Kxg5 Kc5 49. Kh5 Kb5 50. Ra1 a4 51. g4 a3 52. g5 a2 53. f6
gxf6 {(=)} 54. g6 Kb4 55. g7 Ra8 56. g8=Q Rxg8 57. Rxa2 Kc5 1/2-1/2

[Event "DVM U14 2017"]
[Site "Verden/Aller GER"]
[Date "2017.12.29"]
[Round "6"]
[White "Hüls, Maximilian"]
[Black "Kostanyan, Hakob"]
[Result "1/2-1/2"]
[Termination "normal"]
[Board "4.1"]
[WhiteElo "1944"]
[BlackElo "1877"]
[WhiteTeam "SV Mattnetz Berlin"]
[BlackTeam "SC Weisse Dame"]
[PlyCount "64"]
[WhiteFideId "12949698"]
[BlackFideId "12977683"]
[EventCountry "GER"]
[EventRounds "7"]
[EventType "team-swiss"]
[EventDate "2017.12.26"]

1. e4 e5 2. Nf3 Nc6 3. d4 exd4 4. Nxd4 Nf6 5. Nc3 Bb4 6. Nxc6 bxc6 7. Bd3 O-O
8. O-O d5 9. exd5 cxd5 10. Bg5 c6 11. Qf3 h6 12. Bxf6 Qxf6 13. Qxf6 gxf6 14.
Ne2 Bd6 15. Nd4 Bd7 16. Nf5 Bxf5 17. Bxf5 Kg7 18. g3 Rab8 19. Rab1 Be5 20. c3
a5 21. f4 Bd6 22. Bd7 Rb6 23. Rfe1 Rfb8 24. Re2 Bc5+ 25. Kg2 d4 26. cxd4 Bxd4
27. b3 a4 28. Re4 Rb4 29. Bxc6 f5 30. Re2 axb3 31. axb3 Rxb3 32. Rxb3 Rxb3
1/2-1/2

[Event "DVM U14 2017"]
[Site "Verden/Aller GER"]
[Date "2017.12.29"]
[Round "6"]
[White "Tham, Minh"]
[Black "Bui, Bao Anh Le"]
[Result "0-1"]
[Termination "normal"]
[Board "4.2"]
[WhiteElo "1837"]
[BlackElo "1942"]
[WhiteTeam "SC Weisse Dame"]
[BlackTeam "SV Mattnetz Berlin"]
[PlyCount "50"]
[WhiteFideId "12997323"]
[BlackFideId "12970719"]
[EventCountry "GER"]
[EventRounds "7"]
[EventType "team-swiss"]
[EventDate "2017.12.26"]

1. e4 c5 2. d4 cxd4 3. c3 dxc3 4. Nxc3 Nc6 5. Nf3 d6 6. Bc4 a6 7. O-O Nf6 8.
Qe2 Bg4 9. Rd1 e6 10. h3 Bxf3 11. Qxf3 Be7 12. Bf4 Qb8 13. Bb3 Ne5 14. Qe2 O-O
15. Bh2 Nc6 16. Kh1 b5 17. Nd5 exd5 18. exd5 Ne5 19. f4 Ng6 20. h4 Re8 21. h5
Bd8 22. Qf3 Nf8 23. g4 Bb6 24. Bc2 Re3 25. Qg2 Qe8 {Aufgabe Weiß} 0-1

[Event "DVM U14 2017"]
[Site "Verden/Aller GER"]
[Date "2017.12.29"]
[Round "6"]
[White "Schnabel, Luise"]
[Black "Tham, Nam"]
[Result "0-1"]
[Termination "normal"]
[Board "4.3"]
[WhiteElo "1795"]
[BlackElo "1796"]
[WhiteTeam "SV Mattnetz Berlin"]
[BlackTeam "SC Weisse Dame"]
[PlyCount "90"]
[WhiteFideId "12943347"]
[BlackFideId "12997331"]
[EventCountry "GER"]
[EventRounds "7"]
[EventType "team-swiss"]
[EventDate "2017.12.26"]

1. e4 e5 2. Nc3 Nf6 3. f4 d5 4. fxe5 Nxe4 5. Nf3 Bc5 6. d4 Bb4 7. Bd2 Bg4 8.
Bd3 Nxd2 9. Qxd2 Bxf3 10. gxf3 Qh4+ 11. Qf2 Qf4 12. a3 Bxc3+ 13. bxc3 Nd7 14.
Rg1 g6 15. Rg4 Qh6 16. f4 O-O-O 17. Qh4 Qg7 18. Kd2 Rhe8 19. f5 Kb8 20. Rgg1 c5
21. Qf4 Ka8 22. Raf1 cxd4 23. cxd4 Qf8 24. fxg6 hxg6 25. Qxf7 Qxa3 26. Qxg6
Qb4+ 27. c3 Qb2+ 28. Bc2 Rc8 29. Qd3 Rh8 30. Rg2 Nb6 31. Rb1 Qa2 32. Ke1 Rh4
33. Qg3 Rch8 34. Qg8+ Nc8 35. Qg7 Qa6 36. Rg6 b6 37. Qd7 Rxh2 38. Qxd5+ Kb8 39.
Qe4 Qc4 40. Rb3 Rh1+ 41. Kd2 R8h2+ 42. Rg2 Qf1 43. Re2 Qe1+ 44. Kd3 Rxe2 45.
Qxe2 Rh3+ 0-1

[Event "DVM U14 2017"]
[Site "Verden/Aller GER"]
[Date "2017.12.29"]
[Round "6"]
[White "Movsisyan, Andranik"]
[Black "Stockter, Jasper Enno"]
[Result "0-1"]
[Termination "normal"]
[Board "4.4"]
[WhiteElo "1700"]
[BlackElo "1767"]
[WhiteTeam "SC Weisse Dame"]
[BlackTeam "SV Mattnetz Berlin"]
[PlyCount "106"]
[WhiteFideId "16240391"]
[BlackFideId "12957291"]
[EventCountry "GER"]
[EventRounds "7"]
[EventType "team-swiss"]
[EventDate "2017.12.26"]

1. e4 e6 2. d4 d5 3. e5 c5 4. c3 Nc6 5. Nf3 Bd7 6. a3 c4 7. Be2 Na5 8. Nbd2 Bc6
9. O-O Qd7 10. Qc2 Ba4 11. Qb1 Be7 12. Bd1 Bxd1 13. Rxd1 Qa4 14. Re1 Rc8 15.
Ra2 Nh6 16. b3 cxb3 17. Rb2 Rxc3 18. Nf1 Nc4 19. Bd2 Nxd2 20. N1xd2 Qxa3 21.
Nxb3 O-O 22. Nfd2 Qa6 23. Ra2 Qb6 24. Qb2 Rfc8 25. Rea1 a6 26. Rb1 Nf5 27. Qa1
Nxd4 28. Na5 Qxb1+ 29. Qxb1 Rc1+ 30. Qxc1 Rxc1+ 31. Nf1 b6 32. Nb7 Re1 33. f3
a5 34. Rd2 Bc5 35. Nxc5 bxc5 36. Rb2 g6 37. Kf2 Rc1 38. Ne3 c4 39. Kg3 Nf5+ 40.
Nxf5 gxf5 41. Kh4 c3 42. Rb7 c2 43. Rc7 d4 44. Kg5 Kg7 45. g4 fxg4 46. fxg4 d3
47. h4 d2 48. h5 h6+ 49. Kh4 d1=Q 50. g5 Qd4+ 51. Kg3 Rg1+ 52. Kh3 Qg4+ 53. Kh2
Qg3# 0-1

[Event "DVM U14 2017"]
[Site "Verden/Aller GER"]
[Date "2017.12.29"]
[Round "6"]
[White "Jahrke, Jonas"]
[Black "Burian, Simon"]
[Result "1/2-1/2"]
[Termination "normal"]
[Board "5.1"]
[WhiteElo "1747"]
[BlackElo "1963"]
[WhiteTeam "SF Katernberg"]
[BlackTeam "SK König Plauen"]
[PlyCount "83"]
[WhiteFideId "12984353"]
[BlackFideId "12956902"]
[EventCountry "GER"]
[EventRounds "7"]
[EventType "team-swiss"]
[EventDate "2017.12.26"]

1. e4 c5 2. Nf3 d6 3. d4 cxd4 4. Nxd4 Nf6 5. Nc3 a6 6. Bg5 e6 7. f4 Be7 8. Qf3
Nbd7 9. Bd3 Qc7 10. O-O-O h6 11. Bh4 b5 12. Kb1 Bb7 13. Qg3 Rg8 14. Rde1 O-O-O
15. Bxf6 Bxf6 16. Nde2 Nc5 17. Qe3 Kb8 18. Rhf1 Rd7 19. h3 Rgd8 20. g3 Rf8 21.
Rc1 Qd8 22. Rfd1 g6 23. e5 dxe5 24. fxe5 Bg5 25. Nf4 Nxd3 26. cxd3 h5 27. h4
Bxf4 28. Qxf4 Rxd3 29. Rxd3 Qxd3+ 30. Ka1 Qf5 31. Qe3 Rd8 32. Qe2 Qd3 33. Qf2
Qd2 34. Rf1 Qxf2 35. Rxf2 Rd7 36. Kb1 Kc7 37. Kc2 Kd8 38. Rd2 Bc6 39. Rxd7+
Kxd7 40. Kd3 Bg2 41. Kd4 Kc6 42. b4 1/2-1/2

[Event "DVM U14 2017"]
[Site "Verden/Aller GER"]
[Date "2017.12.29"]
[Round "6"]
[White "Hörkner, Nico"]
[Black "Gallas, Noel"]
[Result "1-0"]
[Termination "normal"]
[Board "5.2"]
[WhiteElo "1605"]
[BlackElo "1696"]
[WhiteTeam "SK König Plauen"]
[BlackTeam "SF Katernberg"]
[PlyCount "151"]
[WhiteFideId "12974900"]
[BlackFideId "16216059"]
[EventCountry "GER"]
[EventRounds "7"]
[EventType "team-swiss"]
[EventDate "2017.12.26"]

1. Nf3 c5 2. e3 Nc6 3. d4 e6 4. g3 d5 5. Bg2 Nf6 6. O-O Bd6 7. c4 O-O 8. Nc3
cxd4 9. exd4 dxc4 10. Qa4 a6 11. Qxc4 Qc7 12. Bg5 Nd7 13. Rac1 Nb6 14. Qe2 Nd5
15. Rfd1 h6 16. Be3 Bd7 17. Nd2 Nde7 18. Nc4 Rac8 19. Nxd6 Qxd6 20. Ne4 Qc7 21.
Bf4 Qd8 22. Nc5 Nf5 23. Nb3 g5 24. Be3 Qf6 25. Qd2 b6 26. Qe2 Ncxd4 27. Nxd4
Rxc1 28. Rxc1 Nxd4 29. Bxd4 Qxd4 30. Rd1 Qa4 31. b3 Qb5 32. Qh5 Kg7 33. a4 Qxb3
34. Rxd7 Qxa4 35. Qd1 Qxd1+ 36. Rxd1 Rb8 37. Ra1 a5 38. Kf1 Kf6 39. Ke2 Ke5 40.
Ke3 Kd6 41. Kd4 f5 42. Kc4 b5+ 43. Kb3 a4+ 44. Kb4 e5 45. Bf1 e4 46. Bxb5 Ke5
47. Rxa4 f4 48. Kc5 Rc8+ 49. Bc6 Rd8 50. Rxe4+ Kf5 51. Re2 fxg3 52. hxg3 h5 53.
Re4 Rd2 54. f3 Rg2 55. g4+ hxg4 56. Bd7+ Kf6 57. fxg4 Ra2 58. Kb5 Rd2 59. Bf5
Rg2 60. Kc5 Rc2+ 61. Kd5 Rd2+ 62. Rd4 Ra2 63. Rc4 Rd2+ 64. Kc5 Ra2 65. Kb5 Rb2+
66. Rb4 Ra2 67. Kc5 Rg2 68. Rb6+ Kf7 69. Kd4 Rf2 70. Ke4 Rf1 71. Ke5 Re1+ 72.
Be4 Re3 73. Rb7+ Kg8 74. Kf5 Re1 75. Kg6 Kf8 76. Bc6 {Aufgabe Schwarz} 1-0

[Event "DVM U14 2017"]
[Site "Verden/Aller GER"]
[Date "2017.12.29"]
[Round "6"]
[White "Otterpohl, Isabel"]
[Black "Ertl, Liam"]
[Result "1/2-1/2"]
[Termination "normal"]
[Board "5.3"]
[WhiteElo "1593"]
[BlackElo "1395"]
[WhiteTeam "SF Katernberg"]
[BlackTeam "SK König Plauen"]
[PlyCount "88"]
[WhiteFideId "12999180"]
[BlackFideId "12993263"]
[EventCountry "GER"]
[EventRounds "7"]
[EventType "team-swiss"]
[EventDate "2017.12.26"]

1. e4 c5 2. c3 Nc6 3. d4 cxd4 4. cxd4 e6 5. Nf3 d6 6. Nc3 Nf6 7. Bb5 Bd7 8. O-O
Be7 9. a3 O-O 10. Bg5 a6 11. Ba4 b5 12. Bc2 h6 13. Bh4 Rc8 14. Qd3 e5 15. Nd5
Be6 16. Nxf6+ Bxf6 17. Bxf6 Qxf6 18. d5 Bg4 19. dxc6 Rxc6 20. Bb3 Rfc8 21. h3
Bh5 22. Ne1 Qf4 23. Nc2 Bg6 24. Rfe1 d5 25. f3 dxe4 26. fxe4 a5 27. a4 b4 28.
Qe2 Qg3 29. Qe3 Qxe3+ 30. Rxe3 Rxc2 31. Bxc2 Rxc2 32. b3 Rc5 33. Rd1 Kf8 34.
Kf2 Ke7 35. Kf3 f6 36. Red3 Bh5+ 37. g4 Be8 38. Rd5 Rc3+ 39. R1d3 Rxd3+ 40.
Rxd3 Bf7 41. Kf2 Be6 42. Kg3 Bg8 43. Kf3 Bf7 44. Ke3 Bg8 1/2-1/2

[Event "DVM U14 2017"]
[Site "Verden/Aller GER"]
[Date "2017.12.29"]
[Round "6"]
[White "Elstner, Florian"]
[Black "Zamhöfer, Luca"]
[Result "0-1"]
[Termination "normal"]
[Board "5.4"]
[WhiteElo "1242"]
[BlackElo "1367"]
[WhiteTeam "SK König Plauen"]
[BlackTeam "SF Katernberg"]
[PlyCount "48"]
[WhiteFideId "16247264"]
[BlackFideId "16216040"]
[EventCountry "GER"]
[EventRounds "7"]
[EventType "team-swiss"]
[EventDate "2017.12.26"]

1. d4 Nf6 2. Nf3 e6 3. c4 d5 4. Bg5 c5 5. dxc5 Bxc5 6. cxd5 Qa5+ 7. Nbd2 Ne4 8.
e3 exd5 9. a3 Qc7 10. Rc1 Nxg5 11. Nxg5 Qe7 12. Ngf3 Nc6 13. Bb5 O-O 14. O-O
Bd7 15. Nb3 Bb6 16. Nbd4 Nxd4 17. Bxd7 Nxf3+ 18. Qxf3 Qxd7 19. Rfd1 Rac8 20. h3
Rxc1 21. Rxc1 Rd8 22. Rd1 d4 23. exd4 Bxd4 24. Qe4 Bxf2+ {Aufgabe WeiÃY} 0-1